Colleges with the most NFL Hall of Famers - Statistics

General Stats
  • This quiz has been taken 80 times
  • The average score is 15 of 21
Answer Stats
Rank College Number of players % Correct
7 Alabama 8
96%
17 Texas 5
92%
5 Ohio St. 9
90%
6 Michigan 9
89%
2 USC 14
88%
1 Notre Dame 14
86%
19 Florida St. 5
82%
15 Georgia 5
79%
14 Oregon 6
78%
10 Penn St. 6
76%
12 UCLA 6
72%
11 LSU 6
71%
3 Miami (FL) 11
69%
18 Wisconsin 5
64%
16 Nebraska 5
61%
20 Iowa 5
60%
21 Illinois 5
56%
9 Minnesota 7
53%
4 Pittsburgh 11
53%
8 Syracuse 8
44%
13 Arizona St. 6
42%
No matching quizzes found
Score Distribution
Percent of People with Each Score
Percentile by Number Answered
Your Score History
You have not taken this quiz